Kurdish Studies Archive : Vol. 8 No. 1 2020. Special Issue: Alevi Kurds: History, Politics and Identity /
Kurdish Studies Archive publishes the content of volumes 1 to 10 of Kurdish Studies . This interdisciplinary and peer-reviewed journal was dedicated to publishing high-quality research and scholarship. Since 2023 the journal has been continued as the new Kurdish Studies Journal , published by Brill,...
Other Authors:
Format: eBook
Language: English
Published:
Leiden ; Boston :
Brill,
2020.
Series:
Middle East and Islamic Studies E-Books Online, Collection 2025.
Subjects:
Online Access: Login to view Source
Tags: Add Tag
Call Number: DR435.K87
| LEADER | 04311nam a22004578i 4500 | ||
|---|---|---|---|
| 001 | BRILL9789004700369 | ||
| 003 | nllekb | ||
| 005 | 20250308131548.0 | ||
| 006 | m d | ||
| 007 | cr un uuuua | ||
| 008 | 241115s2020 gw sb 001 0 eng d | ||
| 020 | |a 9789004700369 |q (electronic book) | ||
| 020 | |z 9789004700352 |q (print) | ||
| 024 | 7 | |a 10.1163/9789004700369 |2 DOI | |
| 040 | |a NL-LeKB |c NL-LeKB |e rda | ||
| 041 | |a eng | ||
| 050 | 4 | |a DR435.K87 | |
| 072 | 7 | |a HBJF1 |2 bicssc | |
| 072 | 7 | |a HIS |x 003000 |2 bisacsh | |
| 072 | 7 | |a HIS |x 026000 |2 bisacsh | |
| 082 | 0 | 4 | |a 956.6/703 |2 23 |
| 245 | 0 | 0 | |a Kurdish Studies Archive : |b Vol. 8 No. 1 2020. Special Issue: Alevi Kurds: History, Politics and Identity / |c edited by Martin van Bruinessen. |
| 246 | 3 | |a Vol. 8 No. 1 2020. Special Issue: Alevi Kurds: History, Politics and Identity | |
| 264 | 1 | |a Leiden ; |a Boston : |b Brill, |c 2020. | |
| 264 | 4 | |c ©2020 | |
| 336 | |a text |b txt |2 rdacontent | ||
| 337 | |a computer |b c |2 rdamedia | ||
| 338 | |a online resource |2 rdacarrier | ||
| 490 | 1 | |a Middle East and Islamic Studies E-Books Online, Collection 2025 | |
| 504 | |a Includes bibliographical references and index. | ||
| 505 | 0 | |t Editorial -- Alevi Kurds: History, Politics and Identity -- Umit Cetin, Celia Jenkins, and Suavi Aydın -- Interview -- Alevi Kurds: History, Politics, Identity, Migration and Identity: An Interview with Martin van Bruinessen -- Umit Cetin, Celia Jenkins, and Suavi Aydın -- Research articles -- A Survey of the Roots and History of Kurdish Alevism: What are the Divergences and Convergences between Kurdish Alevi Groups in Turkey? -- Suavi Aydın -- Reflections on the 19th Century Missionary Reports as Sources for the History of the (Kurdish) Kizilbash -- Ayfer Karakaya-Stump -- Political Representation of Alevi Kurds in Turkey: Historical Trends and Main Transformations -- Cengiz Gunes -- The Struggle to Unite Diaspora Alevis and the Working Class: Alevism in the Kavga/Kervan Magazine -- Tuncay Bilecen -- Diasporic Homeland, Rise of Identity and New Traditionalism: The Case of the British Alevi Festival -- Cemal Salman -- Language Attitudes and Religion: Kurdish Alevis in the UK -- Birgul Yilmaz -- "Aspirational Capital" and Transformations in First-generation Alevi-Kurdish Parents' Involvement with Their Children's Education in the UK -- Celia Jenkins -- Unregulated Desires: Anomie, the "Rainbow Underclass" and Second-generation Alevi Kurdish Gangs in London -- Umit Cetin -- Book reviews -- Michael M. Gunter (ed.), Routledge Handbook on the Kurds -- Martin van Bruinessen -- Kardo Bokani, Social Communication and Kurdish Political Mobilisation in Turkey -- Michael M. Gunter -- Emel Elif Tugdar and Serhun Al (eds.), Comparative Kurdish Politics in the Middle East: Actors, Ideas, and Interests -- Joost Jongerden -- Christoph Markiewicz, The Crisis of Kingship in Late Medieval Islam: Persian Emigres and the Making of Ottoman Sovereignty -- Michiel Leezenberg -- Thomas Schmidinger, The Battle for the Mountain of the Kurds: Self-Determination and Ethnic Cleansing in the Afrin Region of Rojava -- Stanley Thangaraj. | |
| 520 | |a Kurdish Studies Archive publishes the content of volumes 1 to 10 of Kurdish Studies . This interdisciplinary and peer-reviewed journal was dedicated to publishing high-quality research and scholarship. Since 2023 the journal has been continued as the new Kurdish Studies Journal , published by Brill, and focuses on research, scholarship, and debates in the field of Kurdish studies in a multidisciplinary fashion covering a wide range of topics including, but not limited to, economics, history, society, gender, minorities, politics, health, law, environment, language, media, culture, arts, and education. | ||
| 546 | |a English | ||
| 588 | |a Description based on print version record. | ||
| 650 | 0 | |a Kurds |x Autonomy and independence movements. | |
| 700 | 1 | |a Bruinessen, Martin van, |e editor. | |
| 776 | 0 | 8 | |i Print version: |t Kurdish Studies Archive : Vol. 8 No. 1 2020. Special Issue: Alevi Kurds: History, Politics and Identity. |d Leiden ; Boston : Brill, 2020. |z 9789004700352 |
| 830 | 0 | |a Middle East and Islamic Studies E-Books Online, Collection 2025. | |
| 856 | 4 | |z DOI: |u http://dx.doi.org/10.1163/9789004700369 | |
| 942 | |2 lcc |c EBOOK | ||
| 999 | |c 60287 |d 60287 | ||
